Tộc người và xung đột tộc người trên thế giới hiện nay

Salvato in:
Dettagli Bibliografici
Autore principale: Nghiêm Văn Thái
Natura: Libro
Pubblicazione: Thông tin khoa học xã hội 2001
Tags: Aggiungi Tag
Nessun Tag, puoi essere il primo ad aggiungerne! !
Thư viện lưu trữ: Mạng thư viện Đại học Đà Nẵng
LEADER 00690nam a2200229 a 4500
001 000029032
003 13356
005 20171030145630.0
008 171030s2001
020 |c 28000 
040 |a LTT 
082 0 |a 305.8  |b NG-T 
100 1 |a Nghiêm Văn Thái 
245 0 0 |a Tộc người và xung đột tộc người trên thế giới hiện nay  |c Nghiêm Văn Thái chủ biên, Nguyễn Quốc Hùng, Nguyễn Hữu Tiến, Đỗ Thu Thủy.. 
260 |b Thông tin khoa học xã hội  |c 2001 
OWN |a LTT 
999 |a From the UDN01 
TYP |a Monograph 
TYP |a Printed language 
980 |a Mạng thư viện Đại học Đà Nẵng